Il rapporto tra intellettuali e politica in Italia e le riviste letterarie nei primi anni del secondo dopo guerra in Italia

Bibliographic Details
Main Author: Gritti, Fabiano, 1971- (Author)
Format: Article
Language:Italian

MARC

LEADER 00000nab a2200000uu 4500
001 vtls010883179
003 SK-MaSNL
005 20260303210635.0
008 230222|2006 xo |||||||||||||||||ita|
015 |a SNBRB 
035 |a (urnnbn)urn:nbn:sk:snk:ar-0023wq 
035 |a (uuid)8f531283-8e70-40e2-939d-20463c2ee2ff 
035 |a urn:nbn:sk:snk-ab8erq 
040 |a SNKBUCL  |b slo  |c SNKBUCL  |e AACR2 
041 0 |a ita 
044 |a xo  |c SK 
100 1 |a Gritti, Fabiano,  |d 1971-  |4 aut  |9 222543 
245 1 0 |a Il rapporto tra intellettuali e politica in Italia e le riviste letterarie nei primi anni del secondo dopo guerra in Italia  |c Fabiano Gritti 
773 0 |t Acta Nitriensiae : zborník Filozofickej fakulty Univerzity Konštantína Filozofa v Nitre  |g Č. 8 (2006), s. 49-62 
958 |a OND 
958 |a EUIPO 
958 |a article10 
999 |c 2201031  |d 2202961